Las Mujeres migrantes en el proceso de globalización /

Kaydedildi:
Detaylı Bibliyografya
Yazar: Ruiz, Martha Cecilia
Materyal Türü: Metin
Konular:
Etiketler: Etiketle
Etiket eklenmemiş, İlk siz ekleyin!

MARC

LEADER 00000 a a2200000 04500
001 733
003
040
100 |a Ruiz, Martha Cecilia  
245 |a Las Mujeres migrantes en el proceso de globalización /  |c Martha Cecilia Ruiz 
650 |a MIGRACION LABORAL  
650 |a SECTOR INFORMAL  
650 |a MUJERES  
650 |a GLOBALIZACION  
773 |g volumen 24, número 358; páginas 10-11  
999 |c 22100  |d 22100